000 00486nam a2200181Ia 4500
008 240729s9999 xx 000 0 und d
022 _a1863-2548
245 0 _aJournal of Children's Orthopaedics
260 _aUnited Kingdom
260 _bSAGE Publishing
650 _a Orthopedic surgery
650 _a Pediatrics | Medicine
650 _a Surgery
650 _aMedicine
856 _uhttps://doaj.org/toc/71b5d2d653b7457bb1f3a99589b4ad41
942 _2ddc
942 _cDOAJEJ
999 _c67683
_d67683
945 _a1
_bMadushi Gamage
_c1
_dMadushi Gamage